000
00299nam a22001337a 4500
008
170407b xxu||||| |||| 00| 0 eng d
020
_a
9780891893141
041
_a
eng
080
_a
616
100
_a
9
101
_a
SHM
245
_a
HANBOOK CLINICAL PATHOLOGY
_c
SANDSTAD.K.S
942
_2
udc
_c
BK
999
_c
10237
_d
10237